<?xml version="1.0" encoding="UTF-8"?>
<record
    xmlns:xsi="http://www.w3.org/2001/XMLSchema-instance"
    xsi:schemaLocation="http://www.loc.gov/MARC21/slim http://www.loc.gov/standards/marcxml/schema/MARC21slim.xsd"
    xmlns="http://www.loc.gov/MARC21/slim">

  <leader>01913nam a22002177a 4500</leader>
  <controlfield tag="005">20250220093211.0</controlfield>
  <controlfield tag="008">250220b           ||||| |||| 00| 0 eng d</controlfield>
  <datafield tag="020" ind1=" " ind2=" ">
    <subfield code="a">9780367242114</subfield>
  </datafield>
  <datafield tag="040" ind1=" " ind2=" ">
    <subfield code="c">AL</subfield>
  </datafield>
  <datafield tag="041" ind1=" " ind2=" ">
    <subfield code="a">eng</subfield>
  </datafield>
  <datafield tag="082" ind1=" " ind2=" ">
    <subfield code="2">23</subfield>
    <subfield code="a">425</subfield>
    <subfield code="b">VOOE</subfield>
  </datafield>
  <datafield tag="100" ind1=" " ind2=" ">
    <subfield code="a">Piet Van Der Voort</subfield>
    <subfield code="9">201439</subfield>
  </datafield>
  <datafield tag="245" ind1=" " ind2=" ">
    <subfield code="a">English grammar for international studies </subfield>
  </datafield>
  <datafield tag="250" ind1=" " ind2=" ">
    <subfield code="a">1st ed.</subfield>
  </datafield>
  <datafield tag="260" ind1=" " ind2=" ">
    <subfield code="a">Houten</subfield>
    <subfield code="b">Routledge Taylor and Francis Group</subfield>
    <subfield code="c">2019</subfield>
  </datafield>
  <datafield tag="300" ind1=" " ind2=" ">
    <subfield code="a">216p.</subfield>
    <subfield code="b">PB</subfield>
    <subfield code="c">24.2x17.2cm.</subfield>
  </datafield>
  <datafield tag="365" ind1=" " ind2=" ">
    <subfield code="2">General</subfield>
    <subfield code="a">6383</subfield>
    <subfield code="b">&#x20B9;1036.00</subfield>
    <subfield code="c">&#x20B9;</subfield>
    <subfield code="d">&#x20B9;1295.00</subfield>
    <subfield code="e">20%</subfield>
    <subfield code="f">06-02-2025</subfield>
  </datafield>
  <datafield tag="520" ind1=" " ind2=" ">
    <subfield code="a">English Grammar for International Studies is designed for students taking international programmes in higher vocational education, such as Business and Management Studies, International Marketing, International Finance, Business Administration, International Communication and Media, Finance and Banking, Hotel and Facility, and Tourism. Such programmes often have an international student body and therefore the language of instruction is English. English Grammar for International Studies caters precisely for these programmes since the instruction, examples and exercises are offered in English.

Offering grammar instruction based on problem-oriented learning, the grammatical principles in the book are rehearsed in a variety of exercises and assignments using primary source texts, such as newspaper headlines, advertisements and internet texts. This book is eminently suitable for self-study, because of its step-by-step approach to English grammar, its transparent instruction, wide range of exercises and the possibility to check answers to questions on the accompanying website (www.englishgrammarforinternationalstudies.noordhoff.nl) which also provides a self-assessment test allowing students to monitor their grammar deficiencies.

</subfield>
  </datafield>
  <datafield tag="650" ind1=" " ind2=" ">
    <subfield code="2">English and Old English</subfield>
    <subfield code="a">Grammar of Standard English</subfield>
    <subfield code="9">201440</subfield>
  </datafield>
  <datafield tag="942" ind1=" " ind2=" ">
    <subfield code="2">ddc</subfield>
    <subfield code="c">BK</subfield>
  </datafield>
  <datafield tag="999" ind1=" " ind2=" ">
    <subfield code="c">233846</subfield>
    <subfield code="d">233846</subfield>
  </datafield>
  <datafield tag="952" ind1=" " ind2=" ">
    <subfield code="0">0</subfield>
    <subfield code="1">0</subfield>
    <subfield code="2">ddc</subfield>
    <subfield code="4">0</subfield>
    <subfield code="7">0</subfield>
    <subfield code="8">MAENG</subfield>
    <subfield code="a">SACPG</subfield>
    <subfield code="b">SACPG</subfield>
    <subfield code="d">2025-02-08</subfield>
    <subfield code="e">Biblios Book Pont</subfield>
    <subfield code="g">1036.00</subfield>
    <subfield code="l">0</subfield>
    <subfield code="o">425 VOOE</subfield>
    <subfield code="p">PG024819</subfield>
    <subfield code="r">2025-02-20 00:00:00</subfield>
    <subfield code="v">1295.00</subfield>
    <subfield code="w">2025-02-20</subfield>
    <subfield code="y">BK</subfield>
  </datafield>
</record>
